El desarrollo desigual : (Registro nro. 8766)
[ vista simple ]
| 000 -LEADER | |
|---|---|
| fixed length control field | 01988nam a2200325Ia 4500 |
| 003 - CONTROL NUMBER IDENTIFIER | |
| control field | OSt |
| 005 - DATE AND TIME OF LATEST TRANSACTION | |
| control field | 20211116130029.0 |
| 008 - FIXED-LENGTH DATA ELEMENTS--GENERAL INFORMATION | |
| fixed length control field | 210310s1975 sp fr 000 0 spa d |
| 020 ## - INTERNATIONAL STANDARD BOOK NUMBER | |
| International Standard Book Number | 8424403460 |
| 040 ## - CATALOGING SOURCE | |
| Original cataloging agency | CO-JMCR |
| Transcribing agency | CO-JMCR |
| 041 1# - LANGUAGE CODE | |
| Language code of text/sound track or separate title | spa |
| Language code of original | fre |
| 082 04 - DEWEY DECIMAL CLASSIFICATION NUMBER | |
| Classification number | 330.91724 / |
| Item number | A517d |
| Edition number | 23 |
| 100 1# - MAIN ENTRY--PERSONAL NAME | |
| Personal name | Amin, Samir, |
| 9 (RLIN) | 18226 |
| Relator term | autor |
| 245 13 - TITLE STATEMENT | |
| Title | El desarrollo desigual : |
| Remainder of title | ensayo sobre las formaciones sociales del capitalismo periférico / |
| Statement of responsibility, etc. | Samir Amin |
| 250 ## - EDITION STATEMENT | |
| Edition statement | Segunda edición |
| 260 ## - PUBLICATION, DISTRIBUTION, ETC. | |
| Place of publication, distribution, etc. | Barcelona : |
| Name of publisher, distributor, etc. | Editorial Fontanella, S.A., |
| Date of publication, distribution, etc. | 1975 |
| 300 ## - PHYSICAL DESCRIPTION | |
| Extent | 397 páginas ; |
| Dimensions | 21 cm. |
| 490 0# - SERIES STATEMENT | |
| Series statement | Libros de confrontación. Economía |
| 500 ## - GENERAL NOTE | |
| General note | Título original: Le développement inégal |
| 504 ## - BIBLIOGRAPHY, ETC. NOTE | |
| Bibliography, etc. note | Bibliografía: páginas 377-397 |
| 505 0# - FORMATTED CONTENTS NOTE | |
| Formatted contents note | Las formaciones precapitalistas -- Las leyes fundamentales del modo de producción capitalista -- De la especialización a la dependencia -- La acumulación extravertida y la dependencia -- El bloqueo de la transición -- Las formaciones sociales periféricas contemporáneas |
| 520 3# - SUMMARY, ETC. | |
| Summary, etc. | El capitalismo no ha nacido de la transformación interna de las grandes sociedades tributarias antiguas como fueron Egipto y China, sino en la periferia de estas civilizaciones. En la actualidad, el aspecto principal de la contradicción dentro del sistema capitalista universal es el que opone su centro desarrollado y dominante -principalmente Europa occidental, los Estados Unidos y Japón- a su periferia subdesarrollada y dependiente lo que generalmente se conoce como el Tercer Mundo. Pero nuevamente es a partir de la periferia, confinada en los límites de un desarrollo cada vez más desigual, de donde puede iniciarse una transformación decisiva de la sociedad. |
| 546 ## - LANGUAGE NOTE | |
| Language note | traducido del francés. |
| 650 14 - SUBJECT ADDED ENTRY--TOPICAL TERM | |
| Topical term or geographic name entry element | Socialismo |
| 9 (RLIN) | 18228 |
| 650 24 - SUBJECT ADDED ENTRY--TOPICAL TERM | |
| Topical term or geographic name entry element | Capitalismo |
| 9 (RLIN) | 41530 |
| 650 24 - SUBJECT ADDED ENTRY--TOPICAL TERM | |
| Topical term or geographic name entry element | Desarrollo económico |
| 9 (RLIN) | 41531 |
| 650 24 - SUBJECT ADDED ENTRY--TOPICAL TERM | |
| Topical term or geographic name entry element | Países en desarrollo |
| 9 (RLIN) | 2059 |
| 650 24 - SUBJECT ADDED ENTRY--TOPICAL TERM | |
| Topical term or geographic name entry element | Historia económica |
| 9 (RLIN) | 41532 |
| 942 ## - ADDED ENTRY ELEMENTS (KOHA) | |
| Source of classification or shelving scheme | Dewey Decimal Classification |
| Koha item type | Books |
| Withdrawn status | Lost status | Source of classification or shelving scheme | Damaged status | Not for loan | Collection code | Home library | Current library | Date acquired | Source of acquisition | Full call number | Barcode | Date last seen | Copy number | Koha item type |
|---|---|---|---|---|---|---|---|---|---|---|---|---|---|---|
| Dewey Decimal Classification | Non-fiction | Biblioteca Pública José María del Castillo y Rada | Biblioteca Pública José María del Castillo y Rada | 04/15/2018 | Donación | 330.91724 / A517d | 430004217 | 05/16/2024 | Ej.1 | Books |